000 00576nam a2200181 a 4500
001 000028358
005 20200930031554.0
008 110408s1999 sp 000 0 spa d
020 _a8470306626
040 _aDO-SdBNP
_bspa
_cBNPHU
100 1 _aVelasco, Luis de
_955329
245 1 3 _aLa democracia plana :
_bdebilidades del modelo político español /
_cLuis de Velasco, José Antonio Gimbernat.
260 _aMadrid :
_bBiblioteca Nueva,
_c1999.
300 _a190 p. ;
_c22 cm.
490 1 _aEnsayos
700 1 _aGimbernat, José Antonio
_955330
830 0 _aEnsayos
_911110
999 _c27850
_d27850